Pro Sports Team Whose Location and Team Start with the Same Letter - Statistics

General Stats
  • This quiz has been taken 102 times
    98 since last reset
  • The average score is 9 of 15
Answer Stats
Answer % Correct
Seattle Seahawks
80%
Buffalo Bills
73%
Jacksonville Jaguars
71%
Boston Bruins
70%
Tennessee Titans
69%
Philadelphia Phillies
64%
Los Angeles Lakers
63%
Cleveland Cavaliers
61%
Washington Wizards
57%
Pittsburgh Penguins
56%
Chicago Cubs
54%
Miami Marlins
53%
Pittsburgh Pirates
53%
San Antonio Spurs
49%
San Jose Sharks
41%
No matching quizzes found
Score Distribution
Percent of People with Each Score
Percentile by Number Answered
Your Score History
You have not taken this quiz since the last reset